| Поле | Название | Значение |
| |
Тип записи |
c |
| |
Библиографический уровень |
m |
| 001 |
Контрольный номер |
UONB/MAIN/fefc8ab0ecbd4333847a92f783bf3396 |
| 005 |
Дата корректировки |
20251125151113.6 |
| 010 |
Индекс ISBN |
__ |
| 9 |
Тираж |
5000 экз. |
| 013 |
Номер (ISMN) |
__ |
| d |
Цена |
85 к. |
| 071 |
Издательские номер (звукозапись и ноты) |
21 |
| a |
Номер, присвоенный агентством |
14017 |
| 100 |
Данные общей обработки |
__ |
| a |
Данные общей обработки |
20250715d1988 u y0rusy0189 ca |
| 101 |
Язык документа |
0_ |
| a |
Язык текста |
rus |
| f |
Язык титульного листа |
rus |
| 102 |
Страна публикации |
__ |
| a |
Страна публикации |
RU |
| 125 |
Кодированные данные звукозаписи и нотных изданий |
__ |
| a |
Форма изложения нотного текста |
с |
| 128 |
Кодированные данные (звукозаписи-физические характеристики) |
__ |
| a |
Кодированные данные: Музыкальная форма и тональность или лад |
sg |
| b |
Инструменты или голоса, необходимые для ансамблей (устаревшее) |
cu |
| c |
Инструменты или голоса, рекомендуемые для солистов (устаревшее) |
vu |
| 200 |
Заглавие и сведения об ответственности |
1_ |
| a |
Заглавие |
Вып. 9 |
| e |
Сведения, относящиеся к заглавию |
для хора в сопровождении фортепиано (баяна, гитары) |
| g |
Последующие сведения об ответственности |
составитель В. Федоров |
| 203 |
Вид содержания и тип средства |
__ |
| a |
Вид содержания |
Музыка |
| b |
Характеристика содержания |
знаковая |
| c |
Тип средства |
непосредственная |
| 210 |
Выходные данные |
1_ |
| d |
Дата издания |
1988 |
| 215 |
Физическое описание |
__ |
| a |
Объем |
64 с. |
| d |
Формат |
29 см |
| 327 |
Примечание о содержании |
11 |
| a |
Примечание о содержании |
Содерж.: Александров Б. Герб Советской страны / сл. Р. Рождественского. Гурьев Ю. Мы правде отцовской верны! / сл. В. Татаринова. Долуханян А. Горит черноморское солнце / сл.М. Лисянского. Туликов С. Марш советской молодежи / сл. Е. Долматовского. Хренников Т. Песня молодежи : из оперы "Золотой теленок" / сл. Я. Халецкого. Добрынин В. Родная земля / сл. Л. Дербенева. Коростелев Б. Песня русская / сл. Л. Полосина. Гевиксман В. Березовые сны : из киноэпопеи "Великая Отечественная" : (Неизвестная война) / сл. Г. Фере. Лученок И. Память сердца / сл. М. Ясеня. Петров Б. Теплушка / сл. А. Тарковского. Тухманов Д. Жены русских солдат / сл. Э. Вериго. Фрадкин М. Случайный вальс / сл. Е. Долматовского. Абрамов А. Ждет меня мама / сл. Е. Карасева. Паулс Р. Бабочки на снегу / сл. Н. Зиновьева. Бабаджанян А. Ноктюрн / сл. Р. Рождественского. Журбин А. Песня о счастье / сл. Р. Рождественского. |
| 461 |
Уровень набора |
_0 |
| 1 |
|
2001 |
| a |
|
Cпоемте, друзья! |
| v |
|
Вып. 9 |
| 1 |
|
2101 |
| a |
|
Москва |
| c |
|
Музыка |
| d |
|
1980 - |
| 1 |
|
001UONB/MAIN/686e1c024bb5400da1ae6b6540f50a70 |
| 1 |
|
2251 |
| a |
|
Художественной самодеятельности |
| 464 |
Аналитический уровень |
_0 |
| 1 |
|
036 |
| t |
|
Льется напев рассветный |
| 1 |
|
700 1 |
| a |
|
Александров |
| b |
|
Б. |
| 1 |
|
702 1 |
| a |
|
Рождественский |
| b |
|
Р. |
| 4 |
|
520 |
| 1 |
|
2001 |
| a |
|
Герб Советской страны |
| 464 |
Аналитический уровень |
_0 |
| 1 |
|
036 |
| t |
|
Встающих в атаку сметала... |
| 1 |
|
700 1 |
| a |
|
Гурьев |
| b |
|
Ю. |
| 1 |
|
702 1 |
| a |
|
Татаринов |
| b |
|
В. |
| 1 |
|
2001 |
| a |
|
Мы правде отцовской верны! |
| 464 |
Аналитический уровень |
_0 |
| 1 |
|
700 1 |
| a |
|
Долуханян |
| b |
|
А. |
| 1 |
|
702 1 |
| a |
|
Лисянский |
| b |
|
М. |
| 4 |
|
520 |
| 1 |
|
2001 |
| a |
|
Горит черноморское солнце |
| 464 |
Аналитический уровень |
_0 |
| 1 |
|
036 |
| t |
|
Мы живем под солнцем золотым... |
| 1 |
|
700 1 |
| a |
|
Туликов |
| b |
|
С. |
| 1 |
|
702 1 |
| a |
|
Долматовский |
| b |
|
Е. |
| 4 |
|
520 |
| 1 |
|
2001 |
| a |
|
Марш советской молодежи |
| 464 |
Аналитический уровень |
_0 |
| 1 |
|
036 |
| t |
|
Пылают звездные скопленья Днепростроя... |
| 1 |
|
700 1 |
| a |
|
Хренников |
| b |
|
Т. |
| 1 |
|
702 1 |
| a |
|
Халецкий |
| b |
|
Я. |
| 4 |
|
520 |
| 1 |
|
2001 |
| a |
|
Песня молодежи |
| e |
|
из оперы "Золотой теленок" |
| 464 |
Аналитический уровень |
_0 |
| 1 |
|
036 |
| t |
|
Край любимый, край заветный мой... |
| 1 |
|
700 1 |
| a |
|
Добрынин |
| b |
|
В. |
| 1 |
|
702 1 |
| a |
|
Дербенев |
| b |
|
Л. |
| 4 |
|
520 |
| 1 |
|
2001 |
| a |
|
Родная земля |
| 464 |
Аналитический уровень |
_0 |
| 1 |
|
036 |
| t |
|
В русских песнях жизнь и наша сила... |
| 1 |
|
700 1 |
| a |
|
Коростелев |
| b |
|
Б. |
| 1 |
|
702 1 |
| a |
|
Полосин |
| b |
|
Л. |
| 4 |
|
520 |
| 1 |
|
2001 |
| a |
|
Песня русская |
| 464 |
Аналитический уровень |
_0 |
| 1 |
|
036 |
| t |
|
Земля снегов и лебединых облаков... |
| 1 |
|
700 1 |
| a |
|
Гевиксман |
| b |
|
В. |
| 1 |
|
702 1 |
| a |
|
Фере |
| b |
|
Г. |
| 4 |
|
520 |
| 1 |
|
2001 |
| a |
|
Березовые сны |
| e |
|
из киноэпопеи "Великая Отечественная" |
| e |
|
(Неизвестная война) |
| 1 |
|
50010 |
| a |
|
Великая Отечественная |
| 1 |
|
5171 |
| a |
|
Неизвестная война |
| 464 |
Аналитический уровень |
_0 |
| 1 |
|
036 |
| t |
|
Когда ночь город обнимает... |
| 1 |
|
700 1 |
| a |
|
Лученок |
| b |
|
И. |
| 1 |
|
702 1 |
| a |
|
Ясень |
| b |
|
М. |
| 4 |
|
520 |
| 1 |
|
2001 |
| a |
|
Память сердца |
| 464 |
Аналитический уровень |
_0 |
| 1 |
|
036 |
| t |
|
Хорошо мне в теплушке... |
| 1 |
|
700 1 |
| a |
|
Петров |
| b |
|
Б. |
| 1 |
|
702 1 |
| a |
|
Тарковский |
| b |
|
А. |
| 4 |
|
520 |
| 1 |
|
2001 |
| a |
|
Теплушка |
| 464 |
Аналитический уровень |
_0 |
| 1 |
|
036 |
| t |
|
Что взгрустнула, жена?.. |
| 1 |
|
700 1 |
| a |
|
Тухманов |
| b |
|
Д. |
| 1 |
|
702 1 |
| a |
|
Вериго |
| b |
|
Э. |
| 4 |
|
520 |
| 1 |
|
2001 |
| a |
|
Жены русских солдат |
| 464 |
Аналитический уровень |
_0 |
| 1 |
|
036 |
| t |
|
Ночь коротка, спят облака... |
| 1 |
|
700 1 |
| a |
|
Фрадкин |
| b |
|
М. |
| 1 |
|
702 1 |
| a |
|
Долматовский |
| b |
|
Е. |
| 4 |
|
520 |
| 1 |
|
2001 |
| a |
|
Случайный вальс |
| 464 |
Аналитический уровень |
_0 |
| 1 |
|
036 |
| t |
|
Где-то остался родимый порог... |
| 1 |
|
700 1 |
| a |
|
Абрамов |
| b |
|
А. |
| 1 |
|
702 1 |
| a |
|
Карасев |
| b |
|
Е. |
| 4 |
|
520 |
| 1 |
|
2001 |
| a |
|
Ждет меня мама |
| 464 |
Аналитический уровень |
_0 |
| 1 |
|
036 |
| t |
|
Где-то там иногда в моей памяти... |
| 1 |
|
700 1 |
| a |
|
Паулс |
| b |
|
Р. |
| 1 |
|
702 1 |
| a |
|
Зиновьев |
| b |
|
Н. |
| 4 |
|
520 |
| 1 |
|
2001 |
| a |
|
Бабочки на снегу |
| 464 |
Аналитический уровень |
_0 |
| 1 |
|
036 |
| t |
|
Между мною и тобою гул небытия, звездные моря... |
| 1 |
|
700 1 |
| a |
|
Бабаджанян |
| b |
|
А. |
| 1 |
|
702 1 |
| a |
|
Рождественский |
| b |
|
Р. |
| 4 |
|
520 |
| 1 |
|
2001 |
| a |
|
Ноктюрн |
| 464 |
Аналитический уровень |
_0 |
| 1 |
|
036 |
| t |
|
Гром в небе громыхнет... |
| 1 |
|
700 1 |
| a |
|
Журбин |
| b |
|
А. |
| 1 |
|
702 1 |
| a |
|
Рождественский |
| b |
|
Р. |
| 1 |
|
2001 |
| a |
|
Песня о счастье |
| 606 |
Тематические рубрики |
0_ |
| a |
Основная рубрика |
Хоровое пение |
| x |
Основная подрубрика |
Песни советских композиторов |
| x |
Основная подрубрика |
Массовые песни |
| 610 |
Ключевые слова |
0_ |
| a |
Ключевые слова |
хоровое пение; песни советских композиторов; массовые песни |
| 686 |
Индексы других классификаций |
__ |
| 2 |
Код системы |
rubbk |
| a |
Классификационный индекс |
85.94-041(2)я436 |
| 686 |
Индексы других классификаций |
__ |
| a |
Классификационный индекс |
85.941.0-041(2)я436 |
| 2 |
Код системы |
rubbk |
| 702 |
Вторичная интеллектуальная ответственность |
_1 |
| a |
Фамилия |
Федоров |
| b |
Имя (инициалы) |
В. А. |
| g |
Полное личное имя |
Виктор Алексеевич |
| 4 |
Код отношения |
220 |
| 801 |
Источник записи |
_0 |
| a |
Страна |
RU |
| b |
Организация |
Ульяновская ОНБ |
| c |
Дата составления |
20250715 |
| g |
Правила каталогизации |
RCR |
| 801 |
Источник записи |
_1 |
| a |
Страна |
RU |
| b |
Организация |
Ульяновская ОНБ |
| c |
Дата составления |
20250715 |
| g |
Правила каталогизации |
RCR |
| 901 |
Тип документа |
__ |
| t |
Тип документа |
n |
| w |
Контрольный № источника |
UONB/MAIN/686e1c024bb5400da1ae6b6540f50a70 |
| 909 |
Создатель записи |
__ |
| a |
Создатель записи |
Никитина Т. А. |
| b |
Дата создания записи |
20250715 |